000 00514nam a2200169Ia 4500
008 240729s9999 xx 000 0 und d
022 _a2452-2473
245 0 _aTurkish Journal of Emergency Medicine
260 _aIndia
260 _bWolters Kluwer Medknow Publications
650 _a Internal medicine
650 _a Medical emergencies. Critical care. Intensive care. First aid
650 _aMedicine
856 _uhttps://doaj.org/toc/66f9578a16fd488aa18d7577705836cd
942 _2ddc
942 _cDOAJEJ
999 _c68818
_d68818
945 _a1
_bMadushi Gamage
_c1
_dMadushi Gamage